|
|
|
|
| LEADER |
01698cam a2200325 u 4500 |
| 001 |
10077178 |
| 003 |
GR-PaULI |
| 005 |
20250217133735.0 |
| 008 |
090728n19uu gr f gre d |
| 040 |
|
|
|a GR-PaULI
|c GR-PaULI
|b gre
|e AACR2
|
| 041 |
1 |
|
|a gre
|h fre
|
| 082 |
0 |
4 |
|a 321.809
|2 23
|
| 100 |
1 |
|
|9 77596
|a Croiset, Alfred
|d 1845-1923,
|e συγγραφέας.
|
| 245 |
1 |
3 |
|a Οι αρχαίες δημοκρατίες /
|c A. Croiset ; μεταφραστής Α. Πάγκαλος.
|
| 260 |
|
|
|a Αθήναι :
|b Μορφές,
|c [19--].
|
| 300 |
|
|
|a 253 σ. ;
|c 22 εκ.
|
| 500 |
|
|
|a Τίτλος πρωτοτύπου: Les démocraties antiques.
|
| 504 |
|
|
|a Περιλαμβάνει βιβλιογραφικές παραπομπές.
|
| 650 |
|
4 |
|a Δημοκρατία
|z Ελλάδα, Αρχαία.
|9 8486
|
| 650 |
|
4 |
|a Δημοκρατία
|x Ιστορία.
|9 17621
|
| 651 |
|
4 |
|a Αθήνα, Αρχαία
|x Πολιτική και διακυβέρνηση.
|9 35859
|
| 651 |
|
4 |
|a Ελλάδα, Αρχαία
|x Πολιτική και διακυβέρνηση
|9 2982
|
| 651 |
|
4 |
|a Ρώμη
|x Πολιτική και διακυβέρνηση.
|9 46049
|
| 700 |
1 |
|
|9 6919
|a Πάγκαλος, Ανδρέας
|4
|e μεταφραστής.
|
| 765 |
|
|
|i Μετάφραση του:
|t Les démocraties antiques.
|
| 942 |
|
|
|2 ddc
|c BK
|
| 952 |
|
|
|0 0
|1 0
|4 0
|6 321_809000000000000_CRO
|7 0
|9 79781
|a LTRT
|b LTRT
|d 2016-04-24
|i 004086
|l 0
|o 321.809 CRO
|p 025000087169
|r 2016-04-24 00:00:00
|t 1
|w 2016-04-24
|
| 952 |
|
|
|0 0
|1 0
|2 ddc
|4 0
|6 321_809000000000000_CRO
|7 0
|9 387643
|a LISP
|b LISP
|c DON
|d 2025-02-17
|e ΠΑΝ
|i 094818
|l 0
|o 321.809 CRO
|p 025000165380
|r 2025-02-17 13:38:28
|t 2
|w 2025-02-17
|y BKN
|
| 998 |
|
|
|c ELIDOC
|d 2009-07
|
| 999 |
|
|
|c 53025
|d 53025
|